000 01019cam a2200289 a 4500
001 9425
003 BD-RjUL
005 20211208234757.0
008 140121s1994 enka b 001 0 eng
020 _a075030300X
020 _z0075033018 (pbk.)
035 _a(BD-RjUL)9470
040 _aDLC
_cDLC
_dDLC
_dBD-RjUL
_beng
041 _aeng
082 0 0 _a539.7
_220
_bHEB 1994
100 1 _aHeyde, K.,
_d1942-
_q(Kris L. G)
_929212
245 1 0 _aBasic ideas and concepts in nuclear physics :
_ban introductory approach /
_cK. Heyde.
260 _aBristol, UK ;
_aPhiladelphia :
_bInstitute of Physics Pub.,
_cc1994.
300 _axviii, 424 p. :
_bill. ;
_c25 cm.
504 _aIncludes bibliographical references (p. 413-420) and index.
650 0 _aNuclear physics.
_929214
856 4 2 _3Publisher description
_uhttp://www.loc.gov/catdir/enhancements/fy0745/93050715-d.html
942 _2ddc
_cBK
999 _c9425
_d9425